000
00310nam a22001337a 4500
008
180129b xxu||||| |||| 00| 0 eng d
020
_a
9780077510367
041
_a
eng
080
_2
8n ed
_a
575
100
_a
5
101
_a
bio
245
_a
general organic biochemistry
_c
katherine.j.d
942
_2
udc
_c
BK
999
_c
41179
_d
41179